000 00329nam a2200121Ia 4500
008 190216s9999||||xx |||||||||||||| ||und||
100 _aMohandas N&Amp; Kamalasanan
245 0 _aEvolution Of The Indian Economy And Elemntary Statistics;
260 _bUniversity Press
_c1994
300 _a229p
650 _aEconomics
942 _cBK
999 _c9939
_d9939